| 000 | 00928nam a22002535i 4500 | ||
|---|---|---|---|
| 001 | 176588 | ||
| 003 | ES-MaACL | ||
| 005 | 20230906220128.0 | ||
| 008 | 110125s1954 sp a |||| | spa d | ||
| 080 | _a821.134.2-22"19" | ||
| 100 | 1 |
_aTejedor, Luis. _9109571 |
|
| 245 | 1 | 0 |
_aTres alcobas _b: comedieta en un prólogo y tres actos / _coriginal de Luis Tejedor y José Alfayate. |
| 260 |
_aMadrid : _b[s. n., _c1954?] |
||
| 300 |
_a57 p. ; _c17 cm. |
||
| 490 | 1 |
_aBiblioteca teatral ; _v173 |
|
| 500 | _aAnteportada ilustrada. | ||
| 500 | _aEn port. : Estrenada el día 25 de noviembre de 1953, en el Teatro Reina Victoria, de Madrid, por la Compañía Gascó-Granada. | ||
| 500 | _aEncuadernado con otros títulos. | ||
| 597 | _aEn el lomo: 168-173. | ||
| 700 | 0 |
_aAlfayate, José. _919832 |
|
| 830 | 0 |
_aBiblioteca teatral ; _v173 _9190120 |
|
| 852 |
_aES-MaACL _jE-14128 (173) _xOlim P-302 |
||
| 999 |
_c176588 _d176588 |
||